Estadística descriptiva : manual orientado a las ciencias sociales /

Guardado en:
Autor Principal: Minujin, Alberto
Otros Autores: D Alessio, A. / Oiberman, I.
Formato: Libro
Publicado: Buenos Aires : Punto Sur, 1987
Materias:
Etiquetas: Agregar Etiqueta
Sin Etiquetas, Sea el primero en etiquetar este registro!
LEADER 00549nam a22001815a 4500
001 CEM.cems004427
005 20060216000000.0
008 130507s1987##################000#0#####d
003 CEMS
082 0 4 |a 311 
100 1 |a Minujin, Alberto 
245 1 0 |a Estadística descriptiva :  |b manual orientado a las ciencias sociales / 
260 |a Buenos Aires :  |b Punto Sur,  |c 1987 
300 |a 68 p. 
653 |a Estadistica 
653 |a Estadistica descriptiva 
700 1 |a D Alessio, A. / Oiberman, I. 
859 |a CEMS  |b BIB. CEMS - 11 de abril  |h 311  |i M668  |p 16679.92  |t Ej.1